Sports Quiz

Random Sports or Soccer Quiz

Any Team but Liverpool Quiz Stats

 Plays Quiz Updated Jun 4, 2019

Score 0/23 Timer 05:00
11 Plays Today
Question Answer % Correct
Have won 5 or more European Cups/Champions' LeaguesReal Madrid
96.8%
Have won 5 or more European Cups/Champions' LeaguesFC Barcelona
95.1%
Have had 90+ points in a Premier League seasonArsenal
94%
Have had 90+ points in a Premier League seasonChelsea
93.9%
Lost a Champions' League Final in the 2010sTottenham Hotspur
93.2%
Have won 5 or more European Cups/Champions' LeaguesFC Bayern München
90.6%
Lost a Champions' League Final in the 2010sJuventus
90.3%
Have won 5 or more European Cups/Champions' LeaguesAC Milan
89.5%
Have had 90+ points in a Premier League seasonManchester City
89%
Lost a Champions' League Final in the 2010sBorussia Dortmund
88.9%
Won both Champions' League and UEFA Cup after 2000Chelsea
88.3%
Lost a Champions' League Final in the 2010sFC Bayern München
88.2%
Question Answer % Correct
Lost a Champions' League Final in the 2010sManchester United
84.6%
Mohamed Salah's European TeamsAS Roma
79.7%
Have had 90+ points in a Premier League seasonManchester United
77.6%
Won both Champions' League and UEFA Cup after 2000Manchester United
77.4%
Lost a Champions' League Final in the 2010sAtlético Madrid
73.8%
Mohamed Salah's European TeamsChelsea
73.3%
Managed by Jürgen KloppBorussia Dortmund
70.3%
Managed by Jürgen Klopp1. FSV Mainz 05
67.9%
Won both Champions' League and UEFA Cup after 2000FC Porto
60%
Mohamed Salah's European TeamsFiorentina
49.2%
Mohamed Salah's European TeamsFC Basel
41.7%

You're not logged in!

Compare scores with friends on all Sporcle quizzes.
OR
Log In

Sporcle TV

Today on Sporcle TV


Watch our educational content, quiz creation guides, and fun videos on Sporcle TV.

Show Comments

Extras

Top Quizzes Today


Score Distribution

Your Account Isn't Verified!

In order to create a playlist on Sporcle, you need to verify the email address you used during registration. Go to your Sporcle Settings to finish the process.

Report this User

Report this user for behavior that violates our Community Guidelines.

Details: